Postacie Średniowiecza - Statystyki

Ogólne statystyki
  • Ten quiz został rozwiązany 87 razy
  • Średni wynik to 10 z 17
Statystyki odpowiedzi
Lata życia Opis Postać % Poprawnych
967 - 1025 Pierwszy Król Polski, uczestnik zjazdu gnieźnieńskiego Bolesław I Chrobry
89%
? - 632 Prorok Islamu, założyciel tej religii, podróżował z Mekki do Medyny Mahomet
83%
912 - 973 Król niemiecki, pierwszy władca Świętego Cesarstwa Rzymskiego Otton I Wielki
79%
742 - 814 Król Franków, I cesarz rzymski, Przedstawiciel dynastii Karolingów Karol I Wielki
76%
1181 - 1226 Założyciel zakonu franciszkanów, święty patron Włoch Św. Franciszek z Asyżu
74%
1066 - 1145 Pierwszy polski kronikarz, twórca ,,Chronica Polonorum" Gall Anonim
69%
1310 - 1370 Ostatni Król Polski z dynastii Piastów Kazimierz III Wielki
69%
686 - 741 Majordom, władca państwa Franków, dowodził w bitwie pod Poitiers Karol Młot
64%
980 - 1002 Władca Świętego Cesarstwa Rzymskiego, uczestnik zjazdu gnieźnieńskiego Otton III
64%
1152 - 1227 Chan Mongołów, założyciel imperium mongolskiego Temudżyn Czyngis-chan
60%
1370 - 1415 Czeski reformator Kościoła, spłonął na stosie, jego działania przyczyniły się do wystąpienia Marcina Lutra sto lat później Jan Hus
56%
466 - 511 Przyjął chrzest, władca Franków, przedstawiciel dynastii Merowingów Chlodwig I
51%
1035 - 1099 Papież, ogłosił pierwszą krucjatę na synodzie w Clermont Urban II
40%
1268 - 1314 Król Francji, aresztował templariuszy, ostatecznie pod jego naciskiem zlikwidowano zakon Filip IV Piękny
39%
1224 - 1274 Włoski filozof, jeden z najwybitniejszych myślicieli w dziejach chrześcijaństwa Tomasz z Akwinu
31%
1362 - 1434 Król Polski, z dynastii Jagiellonów, dowodził pod Grunwaldem Władysław II Jagiełło
31%
778 - 840 Król Franków, cesarz rzymski, jego wnukowie podpisali Traktat w Verdun Ludwik I Pobożny
17%
Nie znaleziono quizów pasujących do podanych kryteriów
Rozkład punktacji
Procent ludzi z każdym wynikiem
Percentyl według liczby udzielonych odpowiedzi
Twoja historia wyników
Nie rozwiązałeś tego quizu